Представление документа в формате MARC21

Поле Инд. ПП Название Значение
Тип записи a
Библиографический уровень m
001 Контрольный номер RU/LIBMSTU/368542285
005 Дата корректировки 20140505131713.1
008 Кодируемые данные 110907|||||||||ru |||||||||||000|||rus||
020 a ISBN 978-5-98704-500-8
c Цена, тираж 466-40
040 b Код языка каталог. rus
041 a Код языка текста rus
084 a Индекс другой классификации/Индекс ББК 60.5я7
090 a Полочн. индекс 60.5
x Авторский знак Ш 92
100 1_ a Автор Штомпка П.
245 10 a Заглавие Социология
b Продолж. заглавия анализ соврем. общества
c Ответственность пер. с пол. С. М. Червонной
250 a Основные сведения об издании [2-е изд.]
260 a Место издания Москва
b Издательство Логос
c Дата издания 2010
300 a Объем 655 с.
b Иллюстрации/ тип воспроизводства [16] л. цв. ил. : ил.
440 a Серия Новая университетская библиотека
504 a Библиография Библиогр. в конце гл.
650 a Основная рубрика Социология-Учебные издания для высших учебных заведений
653 a Ключевые слова Активность человека
a Ключевые слова Глобализация
a Ключевые слова Институционализация
a Ключевые слова Социализация
a Ключевые слова Социальное неравенство
a Ключевые слова Социальные изменения
a Ключевые слова Социальные общности
a Ключевые слова Социальные отношения
a Ключевые слова Социальный контроль
a Ключевые слова Социология и общество
901 t Тип документа m